History Quiz

Random History Quiz
Score 0/19 Timer 15:00
0 Plays Today
Years Leader % Correct
1933-1945Adolf Hitler
93.2%
2005-presentAngela Merkel
85.2%
1982-1990Helmut Kohl
77.4%
1990-1998Helmut Kohl
77.4%
1867-1871Otto von Bismarck
71.3%
1871-1888William I
70.4%
1969-1974Willy Brandt
70.1%
1888-1918William II
69.6%
1949-1963Konrad Adenauer
69.4%
1998-2005Gerhardt Schroder
65.6%
Years Leader % Correct
1925-1934Paul von Hindenburg
62.8%
1971-1989Erich Honecker
61.2%
1974-1982Helmut Schmidt
56.7%
1950-1971Walter Ulbricht
41.6%
1963-1966Ludwig Erhard
40%
1966-1969Kurt Georg Kiesinger
38.6%
1989Egon Krenz
32.2%
1919-1925Frederich ****
32%
1888Frederick III
23.1%

You're not logged in!

Compare scores with friends on all Sporcle quizzes.
OR
Log In

Sporcle TV

Today on Sporcle TV


Watch our educational content, quiz creation guides, and fun videos on Sporcle TV.

Show Comments

Extras

Top Quizzes Today


Score Distribution

Paid Content

Your Account Isn't Verified!

In order to create a playlist on Sporcle, you need to verify the email address you used during registration. Go to your Sporcle Settings to finish the process.

Report this User

Report this user for behavior that violates our Community Guidelines.

Details: